000 00911nam1a22002531i 4500
001 v19\rc\2109597
005 20240726003903.0
035 _a(NLR Aleph) 005185694
090 _a5163422
_c5163422
100 _a20090914g18181901|||y0rusy50 ca
101 0 _arus
_afre
102 _aRU
105 _ay z |||||
200 1 _aЦеремониал о святом крещении...
210 _a[Санкт-Петербург
_d[1818]-[1901]
300 _aВ части изд. загл. начинается словами: "Высочайше утвержденный..."
300 _aИзд. с 1874 г. печ. в тип. Тренке и Фюсно
309 _aБез тит. л. и обл.
532 1 3 _aЦеремониал о святом крещении...
801 0 _aRU
_bNLR
_gpsbo
801 1 _aRU
_bProSoft-M
_2rusmarc
852 _aNLR
_jШифры разные
942 _cBOOK